La idea del hombre y la Historia / (Record no. 139562)

MARC details
000 -LEADER
campo de control de longitud fija 00478nam a2200157 4500
001 - NÚMERO DE CONTROL
campo de control 139562
003 - IDENTIFICADOR DE NÚMERO DE CONTROL
campo de control ES-MaACL
007 - CAMPO FIJO DE DESCRIPCIÓN FÍSICA--INFORMACIÓN GENERAL
campo de control de longitud fija t|
008 - DATOS DE LONGITUD FIJA--INFORMACIÓN GENERAL
campo de control de longitud fija 070214s1974 ag r ||||1| spa d
100 1# - ENTRADA PRINCIPAL--NOMBRE DE PERSONA
Nombre de persona Scheler, Max.
9 (RLIN) 104283
245 13 - MENCIÓN DEL TÍTULO
Título La idea del hombre y la Historia /
Mención de responsabilidad, etc. Max Scheler ; [traducción... Juan José Olivera].
260 ## - PUBLICACIÓN, DISTRIBUCIÓN, ETC.
Lugar de publicación, distribución, etc. Buenos Aires :
Nombre del editor, distribuidor, etc. Pléyade,
Fecha de publicación, distribución, etc. 1974.
300 ## - DESCRIPCIÓN FÍSICA
Extensión 76 p. ;
Dimensiones 20 cm.
700 1# - ENTRADA AGREGADA--NOMBRE PERSONAL
Nombre de persona Olivera, Juan José.
9 (RLIN) 86853
852 ## - LOCALIZACIÓN
Ubicación ES-MaACL
Número de control de estantería E-8626
Sublocalización o colección R.93030
Holdings
Estatus retirado Estado de pérdida Estado de daño No para préstamo Biblioteca de origen Biblioteca actual Ubicación en estantería Fecha de adquisición Fuente de adquisición Total de préstamos Signatura topográfica completa Código de barras Visto por última vez Precio de reemplazo Tipo de ítem Koha
        Biblioteca del Ateneo de Madrid Biblioteca del Ateneo de Madrid Depósito 2 17/01/2008     E-8626 1145236 23/02/2023 23/02/2023 Libro impreso